[Event "St Joao da Madeira op 10th"]
[Site "Sao Joao da Madeira"]
[Date "2013.10.13"]
[Round "7.25"]
[White "Alvarez, Ricardo Fernando"]
[Black "Fontes, Joao Gloria Alves"]
[Result "0-1"]
[WhiteElo "1722"]
[BlackElo "1494"]
[PlyCount "28"]
[EventDate "2013.10.05"]
[EventType "swiss"]
[EventRounds "7"]
[EventCountry "POR"]
[SourceTitle "EXT 2015"]
[Source "ChessBase"]
[SourceDate "2014.11.20"]
[SourceVersion "1"]
[SourceVersionDate "2014.11.20"]
[SourceQuality "1"]

1. e4 c5 2. Nc3 e6 3. g3 Nc6 4. Bg2 b6 5. d3 Bb7 6. f4 Nge7 7. Nf3 d5 8. exd5 Nxd5 9. Nxd5 exd5 10. 0-0 Be7 11. Re1 0-0 12. d4 Nxd4 13. Nxd4 cxd4 14. Qxd4 Bc5 0-1

[Event "St Joao da Madeira op 10th"]
[Site "Sao Joao da Madeira"]
[Date "2013.10.12"]
[Round "6.23"]
[White "Fontes, Joao Gloria Alves"]
[Black "Bastos, Ana Raquel da Costa"]
[Result "0-1"]
[WhiteElo "1494"]
[BlackElo "1623"]
[PlyCount "90"]
[EventDate "2013.10.05"]
[EventType "swiss"]
[EventRounds "7"]
[EventCountry "POR"]
[SourceTitle "EXT 2015"]
[Source "ChessBase"]
[SourceDate "2014.11.20"]
[SourceVersion "1"]
[SourceVersionDate "2014.11.20"]
[SourceQuality "1"]

1. e4 c5 2. Nf3 Nc6 3. d4 cxd4 4. Nxd4 g6 5. Nc3 Bg7 6. Be3 Nf6 7. Be2 0-0 8. 0-0 d6 9. f4 Qb6 10. Rb1 Nxe4 11. Nxe4 Bxd4 12. Bxd4 Qxd4+ 13. Qxd4 Nxd4 14. Bc4 Nxc2 15. Be2 Bf5 16. Bd3 Nb4 17. Rbd1 Nxd3 18. Rxd3 Bxe4 19. Re3 d5 20. Rc1 Rfc8 21. Rec3 Rxc3 22. Rxc3 d4 23. Rc1 d3 24. Kf2 Rd8 25. Ke3 f5 26. g3 Kf7 27. b3 Ke6 28. Rd1 Rc8 29. Rd2 Rc2 30. Rxc2 dxc2 31. Kd2 Kd5 32. Kc1 Kd4 33. a4 Kc3 34. b4 Kxb4 35. a5 Kb3 36. h3 h5 37. a6 b6 38. g4 hxg4 39. hxg4 fxg4 40. f5 gxf5 41. Kd2 f4 42. Kc1 g3 43. Kd2 Kb2 44. Ke2 Kb1 45. Ke1 c1Q+ 0-1

[Event "St Joao da Madeira op 10th"]
[Site "Sao Joao da Madeira"]
[Date "2013.10.05"]
[Round "1.12"]
[White "Fontes, Joao Gloria Alves"]
[Black "Cruz, Jorge Filipe Egas"]
[Result "0-1"]
[WhiteElo "1494"]
[BlackElo "2038"]
[PlyCount "64"]
[EventDate "2013.10.05"]
[EventType "swiss"]
[EventRounds "7"]
[EventCountry "POR"]
[SourceTitle "EXT 2015"]
[Source "ChessBase"]
[SourceDate "2014.11.20"]
[SourceVersion "1"]
[SourceVersionDate "2014.11.20"]
[SourceQuality "1"]

1. e4 c5 2. Nf3 g6 3. d4 cxd4 4. Qxd4 Nf6 5. e5 Nc6 6. Qc3 Ne4 7. Qc4 Qa5+ 8. Nbd2 d5 9. Qb5 Nxd2 10. Bxd2 Qxb5 11. Bxb5 Bd7 12. 0-0 Nxe5 13. Bxd7+ Nxd7 14. Bc3 f6 15. Ng5 e5 16. Ne6 Bd6 17. Bb4 Bxb4 18. Nc7+ Kf7 19. Nxa8 Rxa8 20. Rad1 Ke6 21. c3 Bc5 22. Rd2 b5 23. Rfd1 Nb6 24. b3 Rc8 25. Kf1 Ba3 26. Rc2 d4 27. Rd3 Bb4 28. c4 bxc4 29. bxc4 Rxc4 30. Rxc4 Nxc4 31. Rb3 a5 32. f3 Nd2+ 0-1